Normal view
MARC view
Entry Personal Name
001 - CONTROL NUMBER
- control field: 12321
003 - CONTROL NUMBER IDENTIFIER
- control field: OSt
005 - DATE AND TIME OF LATEST TRANSACTION
- control field: 20220114145109.0
008 - FIXED-LENGTH DATA ELEMENTS
- fixed length control field: 220114|| aca||aabn | a|a d
040 ## - CATALOGING SOURCE
- Original cataloging agency: OSt
- Transcribing agency: OSt
100 ## - HEADING--PERSONAL NAME
- Personal name: Nithu Kumar D, Ashwini D, Vivek M.L and Manasa N.S
670 ## - SOURCE DATA FOUND
- Source citation: Work cat.: (OSt): Nithu Kumar D, Ashwini D, Vivek M.L and Manasa N.S, GSM and RFID based number plate recognisation and ignition c